Derecho y ontología jurídica
Bewaard in:
| Hoofdauteur: | |
|---|---|
| Formaat: | Boek |
| Taal: | Spaans |
| Gepubliceerd in: |
Madrid
Actas
1993
|
| Onderwerpen: | |
| Tags: |
Voeg label toe
Geen labels, Wees de eerste die dit record labelt!
|
MARC
| LEADER | 00000cam a2200000 a 4500 | ||
|---|---|---|---|
| 001 | UCX9911 | ||
| 003 | CL-VaPUC | ||
| 008 | 940701e19930000SP |||||||||||||||||spa|d | ||
| 082 | 0 | 4 | |a 340.1 |b CAR |2 21 |
| 100 | |a Carpintero Benítez, Francisco |e autor |9 599377 | ||
| 245 | 1 | 0 | |a Derecho y ontología jurídica |
| 300 | |a 340 p | ||
| 942 | |c BK | ||
| 945 | |d 19940701 00:00:00 |a aalvarez | ||
| 260 | |a Madrid |b Actas |c 1993 | ||
| 650 | 0 | |a Filosofía del derecho |9 255050 | |
| 583 | |a last modification |c 20141028 02:04:12 |k Rodrigo Vera | ||
| 999 | |c 229028 |d 229026 | ||
| 952 | |0 0 |1 0 |4 0 |6 340_100000000000000_CAR_1993 |7 0 |8 DER_TF |9 229562 |a BIBDER |b BIBDER |d 2019-11-15 |i 2989727 |l 1 |o 340.1 CAR 1993 |p 2989727 |r 2023-01-25 |s 2020-03-18 |w 2019-11-15 |x Ubicación 4to Piso |y BK |z Estos recursos deben solicitarse con anticipación |k DER | ||
| 952 | |0 0 |1 0 |3 erb |4 0 |6 340_100000000000000_CAR_1993 |7 0 |8 A |9 229563 |a BIBDER |b BIBDER |i 5119529 |o 340.1 CAR 1993 |p 5119529 |r 2023-01-25 |w 2019-11-15 |y BK |z Catalogado en:20141016 |k DER | ||